Mikä Afrikan kaupunki? - Statistics

Yleistilastot
  • Tätä visaa on pelattu 432 kertaa
  • Keskiarvotulos 15 / 22
Vastaustilastot
Kuvaus Kirjain Kaupunki % Oikein
Kenian pääkaupunki N Nairobi
96%
Lähi-idän väkirikkain kaupunki K Kairo
95%
Pyramideistaan tunnettu kaupunki yllä olevan vieressä G Giza
90%
Afrikan eteläisin pääkaupunki K Kapkaupunki
86%
Marokon kaupunki, jonka nimi tarkoittaa "valkoinen talo" C Casablanca
82%
Järjesti vuoden 2010 jalkapallon MM-kilpailujen loppuottelun J Johannesburg
82%
Nigerian pääkaupunki ennen vuotta 1991 L Lagos
80%
Pääkaupunki, jonka nimi on lähes sama kuin valtiolla A Alger
79%
Sen majakka oli yksi antiikin maailman ihmeistä A Aleksandria
75%
Tunnetun rallikilpailun päätepiste vuosina 1972-2007 D Dakar
74%
Tunnettu aiemmin nimellä Léopoldville K Kinshasa
71%
Pääkaupunki, jonka nimi on peräisin muinaiskreikasta ja tarkoittaa "kolme kaupunkia" T Tripoli
70%
Sijaitsee lähellä muinaista Karthagon kaupunkia T Tunis
70%
Egyptin muinainen pääkaupunki, joka tunnettiin nimellä Theba L Luxor
67%
Suurin kaupunki Victorianjärven rannalla K Kampala
60%
Afrikan unionin päämaja sijaitse tässä kaupungissa A Addis Abeba
58%
Malissa sijaitseva kaupunki, joka oli aikoinaan vauras Saharan kaupankäynnin keskus T Timbuktu
58%
Muuttunut öljybuumin myötä yhdeksi maailman kalleimmista kaupungeista L Luanda
51%
"Djemaa el-Fna" -nimisestä markkinalueestaan tunnettu kaupunki M Marrakech
43%
Niilin suurin pato sijaitsee tässä kaupungissa A Assuan
42%
Entinen sulttaanikunta, joka oli aikoinaan maailman suurin neilikan tuottaja S Sansibar
36%
Suuri kaupunki Kilimanjaron kupeessa A Arusha
13%
Ehtoja vastaavia visoja ei löytynyt
Tulosjakauma
Jokaisen tuloksen saaneiden osuus
Persentiili vastausten määrän mukaan
Tuloshistoriasi
Et ole pelannut tätä visaa